| 000 | 00390cam a2200145ua 4500 | ||
|---|---|---|---|
| 003 | OSt | ||
| 008 | 250320b |||||||| |||| 00| 0 eng d | ||
| 041 | _aeng | ||
| 082 |
_a621.924 _bSIM/ST |
||
| 100 |
_aSimons, Eric N . _97309 |
||
| 245 | _aSteel files: their manufacture and application / | ||
| 260 |
_aLondon : _bSir Isaac Pitman & Sons Ltd , _c1947. |
||
| 300 | _a136 ; . | ||
| 942 | _cBK | ||
| 999 |
_c10457 _d10457 |
||